Statistics for Europe Cities Map Quiz

Click here to take the quiz!

General Stats

  • This quiz has been taken 161,946 times
    (129,885 since last reset)
  • The average score is 30 of 36

Answer Stats

Answer % Correct
London
96%
Dublin
95%
Paris
94%
Reykjavik
94%
Lisbon
93%
Barcelona
90%
Manchester
90%
Madrid
90%
Moscow
89%
Rome
89%
Athens
88%
Amsterdam
88%
Edinburgh
88%
Brussels
86%
Berlin
86%
Helsinki
86%
Marseille
85%
Oslo
85%
Stockholm
84%
Copenhagen
84%
Warsaw
83%
St. Petersburg
83%
Milan
82%
Kiev
81%
Munich
79%
Prague
77%
Vienna
77%
Naples
75%
Geneva
75%
Sarajevo
74%
Palermo
73%
Seville
73%
Budapest
72%
Düsseldorf
70%
Bucharest
69%
Belgrade
58%

Score Distribution

Percentile by Number Answered

Percent of People with Each Score

Your Score History

You have not taken this quiz since the last reset